| 000 | 00680nam a2200217 a 4500 | ||
|---|---|---|---|
| 001 | 14155 | ||
| 003 | BD-JhCC | ||
| 005 | 20250203125430.0 | ||
| 008 | 250203b20072021e a|||| ||a| 001 0 eng d | ||
| 020 | _a9780241529751 | ||
| 035 | _a(BD-JhCC)14155 | ||
| 040 |
_aBD-JhCC _dBD-JhCC |
||
| 041 | _aenglish | ||
| 082 |
_a355.02 _bMAS 2021 |
||
| 245 |
_aMasters of war : _bA visual history of military personnel from commanders to frontline fighters / |
||
| 260 |
_a London: _bDorling Kindersley Limited; _c2021. |
||
| 300 |
_a360 p. : _bill; _c31 cm. |
||
| 650 |
_aBiographies _v Military strategy & tactics _xCommand of troops _zHistoire militaire |
||
| 942 |
_2ddc _cBK |
||
| 999 |
_c14155 _d14155 |
||